000 00585nam a2200253Ia 4500
005 20260306154523.0
008 008 260114s9999 xx 000 0 eng d
020 _a9781316855669
037 _aEBOOK
040 _aCRL
040 _beng
040 _cCRL
041 _2eng
041 _aeng
084 _qCRL
100 _aAkhtar
245 0 _aPhilosophers, Sufis, and Caliphs
260 _bCambridge University Press
260 _c2017
650 _a Philosophy
856 _uhttps://doi.org/10.1017/9781316855669
942 _cEBOOK
999 _c1707851
_d1707851